Harmful tax competition <an> emerging global issue

Guardado en:
Detalles Bibliográficos
Formato: Libro
Lenguaje:inglés
Publicado: Paris OECD 1998
Materias:
Etiquetas: Agregar Etiqueta
Sin Etiquetas, Sea el primero en etiquetar este registro!

MARC

LEADER 00000nam a2200000 4500
001 c121476
005 20221221084348.8
020 |a 92-64-16090-6 
041 0 |a eng 
044 |a FR 
245 1 0 |a Harmful tax competition  |b <an> emerging global issue 
264 1 |a Paris  |b OECD  |c 1998 
300 |a 80 s. 
610 2 0 |a dane 
610 2 0 |a poplatky 
610 2 0 |a súťaže 
610 2 0 |a konkurencia 
610 2 0 |a politika daňová 
610 2 0 |a porovnanie medzinárodné 
610 2 0 |a OECD